119_ Personnalités nées un 29 avril par images - Statistiques

Statistiques générales
  • Ce quiz a été pris 32 fois
  • Le résultat moyen est 3 sur 9
Statistiques - réponses
Par images Hint Réponse % Correct
Journaliste Anne-Sophie Lapix
84%
Acteur Jean Rochefort
74%
Dirigeant Politique Hirohito
55%
Youtubeur Hugoposé
45%
Chanteuse Anggun
35%
Chanteur Tino Rossi
19%
Musicien Duke Ellington
10%
Actrice Megan Boone
10%
Basketteuse Valériane Ayayi
0%
Aucun quiz correspondant
Distribution des résultats
% des personnes avec chaque résultat
Percentile par nombre de réponses
Votre historique - résultats
Vous n’avez pas pris ce quiz